000 00515nam a22001457a 4500
999 _c12747
_d12747
008 190131b ||||| |||| 00| 0 eng d
022 _a2094-8042
082 _2DPer 370.105 M72 Jan-Dec 2011 v59-60
100 _936190
_aSalguet, Antonio A.
245 _aManuel L. Quezon's greatest legacy to the Filipinos/
_cAntonio A. Salguet.
260 _aPhilippines:
_bIn the Grade School, Inc.,
_cc2011.
300 _av60 n3, page 102:
_billustrations;
_c27cm.
650 _aHeroes and heroines.
_936192
942 _2ddc
_cPER